Towns of Belgrade - Statistics

General Stats
  • This quiz has been taken 154 times
  • The average score is 31 of 75
Answer Stats
- Naselja % Correct
- Novi Beograd
95%
- Zemun
93%
- Vračar
88%
- Stari Grad
76%
- Banovo Brdo
75%
- Dorćol
75%
- Surčin
74%
- Borča
72%
- Voždovac
70%
- Obrenovac
68%
- Karaburma
67%
- Mirijevo
67%
- Kaluđerica
64%
- Ovča
63%
- Dedinje
61%
- Banjica
59%
- Palilula
58%
- Cerak
55%
- Mladenovac
55%
- Rakovica
55%
- Krnjača
54%
- Grocka
51%
- Medaković
51%
- Žarkovo
51%
- Petlovo Brdo
50%
- Železnik
49%
- Braće Jerković
47%
- Sopot
47%
- Kumodraž
46%
- Beograd na Vodi
45%
- Autokomanda
43%
- Konjarnik
43%
- Mali Mokri Lug
43%
- Senjak
43%
- Vidikovac
43%
- Bežanijska Kosa
42%
- Padinska Skela
42%
- Miljakovac
41%
- Jajinci
39%
- Veliki Mokri Lug
39%
- Labudovo Brdo
38%
- Kanarevo Brdo
37%
- Višnjica
37%
- Dušanovac
36%
- Resnik
36%
- Višnjička Banja
36%
- Dobanovci
34%
- Ripanj
34%
- Sremčica
34%
- Crveni Krst
33%
- Bele Vode
29%
- Jakovo
29%
- Košutnjak
29%
- Naselje Stepa Stepanović
29%
- Umka
28%
- Pinosava
26%
- Šumice
26%
- Ostružnica
25%
- Beli Potok
22%
- Viline Vode
22%
- Vrčin
21%
- Nova Galenika
18%
- Slanci
18%
- Pašino Brdo
17%
- Bogoslovija
16%
- Nova Pazova
16%
- Veliko Selo
16%
- Ada Huja
14%
- Zuce
14%
- Zeleno Brdo
13%
- Mirijevski Cvet
12%
- Mitrovo Brdo
9%
- Ćalije
8%
- Đeram
7%
- Naselje Sava Kovačević
4%
No matching quizzes found
Score Distribution
Percent of People with Each Score
Percentile by Number Answered
Your Score History
You have not taken this quiz